Statistiques concernant Devine la ville - Italie

Cliquez ici pour prendre le quiz!

Statistiques générales

  • Ce quiz a été pris 504 fois
  • Le résultat moyen est 10 sur 15

Statistiques - réponses

QuestionRépone% Correct
Capitale de la modeMilan
99%
Fondé par Romulus et RémusRome
99%
Ville comportant uniquement des canauxVenise
99%
Ville détruite par le VésuvePompei
94%
Lieu de conception de la pizzaNaples
92%
Connu pour la maison des MédicisFlorence
87%
A accueilli les jeux olympiques en 2006Turin
76%
Capitale de l'émirat de Sicile (831-1091)Palerme
69%
Situé au sud du lac qui porte le même nomCôme
62%
Lieu de naissance de Christophe ColombGênes
61%
Possède la plus vieille université du monde occidentalBologne
51%
Au pied de l'EtnaCatane
51%
Le plus grand port de passagers de la mer AdriatiqueBari
47%
Port rattaché a l'Italie en 1921Trieste
34%
Fondée par des exilés spartiates dans l'AntiquitéTarente
5%

Distribution des résultats

Percentile par nombre de réponses

% des personnes avec chaque résultat

Votre développement - résultats

Vous n’avez pas pris ce quiz